Les plus gros transferts du football - Gardiens de but - 2012-2013 - Statistiques

Statistiques générales
  • Ce quiz a été pris 34 fois
  • Le résultat moyen est 3 sur 10
Statistiques - réponses
Montant de transfert (M €) Nationalité Venant de Allant à Joueur % Correct
15,00 Slovénie Udinese Inter Samir Handanovic
97%
12,60 France Olympique Lyonnais Tottenham Hugo Lloris
94%
3,50 Espagne Villarreal CF FC Sevilla Diego López
24%
3,50 Espagne FC Sevilla Real Madrid Diego López
24%
3,80 Angleterre Birmingham Stoke City Jack Butland
15%
5,00 Angleterre Birmingham West Brom Ben Foster
6%
3,40 Italie AC Siena Parma Alessandro Iacobucci
0%
3,80 Italie Brescia Juventus Turin Nicola Leali
0%
3,15 Argentine FC Gillingham Southampton Paulo Gazzaniga
0%
3,00 Brésil Grêmio Atlético Mineiro Victor
0%
Aucun quiz correspondant
Distribution des résultats
% des personnes avec chaque résultat
Percentile par nombre de réponses
Votre historique - résultats
Vous n’avez pas pris ce quiz